000 00417nam a22001457a 4500
003 SGT
082 _a530
_bKHU
100 _aKHURANA,MEENAKSHI.S
245 _aFUNDAMENTALS OF ENGINEERING PHYSICS
260 _aNEW DELHI
_bMANAV RACHNA PUBLISHING HOUSEPVT. LTD.
_c2009
300 _a325
650 _aPHYSICS
653 _aCRYSTAL STRUCTURE, QUANTUM PHYSICS,SCHRODINGER EQUATION AND QUANTUM STATISTICS
942 _2ddc
_cBK
999 _c8208
_d8208